Statistics for U.S. States with Panhandles

Click here to take the quiz!

General Stats

  • This quiz has been taken 61 times
  • The average score is 8 of 9

Answer Stats

Starting letterAnswer% Correct
AAlaska
94%
FFlorida
94%
OOklahoma
93%
TTexas
89%
IIdaho
85%
WWest Virginia
83%
NNebraska
81%
CConnecticut
78%
MMaryland
76%

Score Distribution

Percentile by Number Answered

Percent of People with Each Score

Your Score History

You have not taken this quiz